|
|
|
|
| LEADER |
00000nam0a2200000 4500 |
| 001 |
176380 |
| 005 |
20260416153926.0 |
| 035 |
|
|
|a (RuTPU)RU\TPU\book\191220
|
| 090 |
|
|
|a 176380
|
| 100 |
|
|
|a 20100227d1965 k y0rusy50 ca
|
| 101 |
0 |
|
|a rus
|
| 102 |
|
|
|a RU
|
| 105 |
|
|
|a y z 101zy
|
| 200 |
1 |
|
|a Тезисы докладов первой научно-технической конференции по автоматике и телемеханике, Томск, 14-15 мая 1965 г.
|f Томский политехнический институт (ТПИ) ; под ред. В. М. Рикконена
|
| 210 |
|
|
|a Томск
|c ТПИ
|d 1965
|
| 215 |
|
|
|a 24 с.
|
| 610 |
1 |
|
|a автоматика
|
| 610 |
1 |
|
|a телемеханика
|
| 610 |
1 |
|
|a конференции
|
| 610 |
1 |
|
|a релейные устройства
|
| 610 |
1 |
|
|a преобразователи
|
| 610 |
1 |
|
|a дроссели
|
| 610 |
1 |
|
|a гироскопы
|
| 610 |
1 |
|
|a стабилизаторы
|
| 610 |
1 |
|
|a телесигнализация
|
| 610 |
1 |
|
|a регистрирующие устройства
|
| 610 |
1 |
|
|a теория надежности
|
| 675 |
|
|
|a 621.01(063)
|v 3
|
| 675 |
|
|
|a 621.398.3(063)
|v 3
|
| 702 |
|
1 |
|a Рикконен
|b В. М.
|c специалист в области автоматики и электропривода
|c доцент АВТФ Томского политехнического института, кандидат технических наук
|f 1920-2008
|g Владимир Михайлович
|4 340
|9 89238
|
| 712 |
0 |
2 |
|a Томский политехнический институт (ТПИ)
|c (1944-1991)
|9 23521
|
| 712 |
1 |
2 |
|a Научно-техническая конференция по автоматике и телемеханике
|c тезисы докладов
|d 1
|e Томск
|f 1965
|
| 801 |
|
1 |
|a RU
|b 63413507
|c 20100227
|
| 801 |
|
2 |
|a RU
|b 63413507
|c 20100303
|g RCR
|
| 942 |
|
|
|c BK
|